LEADER 01024nam0-22002891i-450- 001 990006759480403321 005 20001010 035 $a000675948 035 $aFED01000675948 035 $a(Aleph)000675948FED01 035 $a000675948 100 $a20001010d--------km-y0itay50------ba 101 0 $aita 105 $ay-------001yy 200 1 $a<>reddito prodotto nelle provincie italiane nel 1976. Serie storica 1970-1975. Indici di alcuni consumi e del risparmioassicurativo$fG. Tagliacarne$gA cura dell'Unione delle C. C. I. A. A. 210 $aMilano$cAngeli$d1978 215 $a135 p.$d22 cm 225 1 $aQuaderni di Sintesi economica 700 1$aTagliacarne,$bGuglielmo$03890 801 0$aIT$bUNINA$gRICA$2UNIMARC 901 $aBK 912 $a990006759480403321 952 $aXI A 285$b6476$fFSPBC 959 $aFSPBC 996 $aReddito prodotto nelle provincie italiane nel 1976. Serie storica 1970-1975. Indici di alcuni consumi e del risparmioassicurativo$9630197 997 $aUNINA DB $aGEN01 LEADER 00766cam2 2200265 450 001 E600200073563 005 20111118103557.0 100 $a20110406d1930 |||||ita|0103 ba 101 $aita 102 $aIT 200 0 $a2 210 $aNapoli$cMorano$d1930 215 $a387 p.$d21 cm 300 $a(bb) 461 1$1001E600200068376$12000 $a<<8: >>Saggi critici 700 1$aDe_Sanctis$b, Francesco <1817-1883>$3AF00006927$4070$0293282 801 0$aIT$bUNISOB$c20111118$gRICA 850 $aUNISOB 852 $aUNISOB$j850$m955 912 $aE600200073563 940 $aM 102 Monografia moderna SBN 941 $aW 957 $a850$b003490$i-9$gSi$d955$1beth$2UNISOB$3UNISOB$420110406103020.0$520130125105122.0$6bethb 996 $a2$91621870 997 $aUNISOB